[Event "TCh-TUR 2014"]
[Site "Konya TUR"]
[Date "2014.06.24"]
[Round "2.8"]
[White "Rzayev, Bahruz"]
[Black "Gasanov, Eldar"]
[Result "1/2-1/2"]
[WhiteTitle "IM"]
[BlackTitle "GM"]
[WhiteElo "2425"]
[BlackElo "2495"]
[WhiteTeam "Salihli Sardes Spor Kulubu"]
[BlackTeam "Bursa Buyuksehir Belediyesi"]
[WhiteFideId "13403036"]
[BlackFideId "14104466"]
[EventDate "2014.06.23"]

1. c4 e5 2. Nc3 Nc6 3. g3 g6 4. Bg2 Bg7 5. e3 d6 6. Nge2 h5 7. h3 f5 8. d4 h4 9.
d5 Nce7 10. e4 hxg3 11. fxg3 Nh6 12. Be3 Nf7 13. Qa4+ Qd7 14. O-O-O Bh6 15. Bxh6
Rxh6 16. h4 -- 1/2-1/2

[Event "TCh-TUR 2014"]
[Site "Konya TUR"]
[Date "2014.06.24"]
[Round "2.8"]
[White "Esen, Nejdet"]
[Black "Rzayev, Askar Aliakbar"]
[Result "1/2-1/2"]
[WhiteElo "2053"]
[BlackElo "2148"]
[WhiteTeam "Bursa Buyuksehir Belediyesi"]
[BlackTeam "Salihli Sardes Spor Kulubu"]
[WhiteFideId "6305644"]
[BlackFideId "13405039"]
[EventDate "2014.06.23"]

1. e4 d5 2. Nc3 Nf6 3. e5 Nfd7 4. d4 e6 5. Nf3 c5 6. dxc5 Nc6 7. Bf4 Bxc5 8. Bd3
h6 9. h3 b5 10. Qe2 Nd4 11. Nxd4 Bxd4 12. O-O Qh4 13. Bh2 O-O 14. Kh1 Nc5 15. f4
Nxd3 16. Qxd3 Bxc3 17. Qxc3 Bb7 18. Qd3 d4 19. Bg1 Rfd8 20. Kh2 f5 21. Bxd4 Be4
22. Qd2 Rac8 23. c3 Rc4 1/2-1/2

[Event "TCh-TUR 2014"]
[Site "Konya TUR"]
[Date "2014.06.24"]
[Round "2.8"]
[White "Celiker, Yakup"]
[Black "Yilmaz, Ada"]
[Result "1-0"]
[WhiteElo "2116"]
[BlackElo "1818"]
[WhiteTeam "Salihli Sardes Spor Kulubu"]
[BlackTeam "Bursa Buyuksehir Belediyesi"]
[WhiteFideId "6302025"]
[BlackFideId "6330010"]
[EventDate "2014.06.23"]

1. f4 d5 2. Nf3 Nf6 3. b3 e6 4. Bb2 Be7 5. e3 O-O 6. g3 b6 7. Bg2 Bb7 8. O-O c5
9. d3 Nc6 10. Ne5 Qc7 11. Nd2 Rad8 12. Ndf3 Nd7 13. Nxd7 Qxd7 14. Qe2 f6 15.
Rad1 Qc7 16. Nh4 Rfe8 17. a3 Bf8 18. Qg4 Qf7 19. Qh3 e5 20. c4 exf4 21. gxf4 Na5
22. cxd5 Bxd5 23. e4 Bxb3 24. Rde1 Qd7 25. Qg3 Kh8 26. Re3 Nc6 27. Bh3 Be6 28.
f5 Bb3 29. Ng6+ Kg8 30. Nf4 Nd4 31. Kh1 Bd6 32. Qh4 Bxf4 33. Rxf4 Re7 34. Bg4
Bf7 35. Rh3 h6 36. Rg3 Qe8 37. Bd1 c4 38. Qxf6 Bh5 39. Bxd4 Rxd4 40. Qxd4 Bxd1
41. f6 Rf7 42. Rxg7+ Kh8 1-0

[Event "TCh-TUR 2014"]
[Site "Konya TUR"]
[Date "2014.06.24"]
[Round "2.8"]
[White "Erdogan, Anil Berk"]
[Black "Gumustas, Ilgaz"]
[Result "0-1"]
[WhiteElo "1791"]
[BlackElo "1841"]
[WhiteTeam "Bursa Buyuksehir Belediyesi"]
[BlackTeam "Salihli Sardes Spor Kulubu"]
[WhiteFideId "6348173"]
[BlackFideId "6305270"]
[EventDate "2014.06.23"]

1. e4 d6 2. d4 Nf6 3. Nc3 g6 4. Be3 Bg7 5. Qd2 c6 6. a4 Qa5 7. h3 Nbd7 8. Nf3
O-O 9. Bd3 e5 10. O-O Re8 11. Rfe1 Nf8 12. b4 Qc7 13. Rad1 a5 14. b5 Nh5 15. Bc4
Bf6 16. b6 Qe7 17. d5 Rd8 18. Rb1 Nf4 19. Bxf4 exf4 20. dxc6 bxc6 21. Ne2 g5 22.
Ned4 Bd7 23. b7 Rab8 24. Qxa5 Ng6 25. Qc7 h5 26. Nxc6 Bxc6 27. Qxc6 g4 28. hxg4
hxg4 29. Nh2 Ne5 30. Qd5 g3 31. fxg3 fxg3 32. Nf3 Nxc4 33. Qxc4 Rxb7 34. Rb5
Rxb5 35. axb5 Qa7+ 36. Kh1 Kg7 37. Ng1 Rh8+ 38. Nh3 Rxh3+ 39. gxh3 Qf2 40. Qe2
g2+ 0-1

[Event "TCh-TUR 2014"]
[Site "Konya TUR"]
[Date "2014.06.24"]
[Round "2.8"]
[White "Abdulla, Khayala"]
[Black "Mirzoeva, Elmira"]
[Result "1/2-1/2"]
[WhiteTitle "WIM"]
[BlackTitle "WGM"]
[WhiteElo "2233"]
[BlackElo "2241"]
[WhiteTeam "Salihli Sardes Spor Kulubu"]
[BlackTeam "Bursa Buyuksehir Belediyesi"]
[WhiteFideId "13401807"]
[BlackFideId "4127951"]
[EventDate "2014.06.23"]

1. e4 c6 2. d4 d5 3. Nc3 dxe4 4. Nxe4 Bf5 5. Ng3 Bg6 6. N1e2 e6 7. Nf4 Bd6 8.
Ngh5 Bxh5 9. Nxh5 g6 10. Ng3 Nd7 11. c3 Ngf6 12. Bc4 Qc7 13. Qf3 h6 14. Bd2
O-O-O 15. O-O-O Be7 16. Bb3 c5 17. Bf4 Bd6 18. Bxd6 Qxd6 19. dxc5 Qxc5 20. h4 h5
21. Rd4 Qe7 22. Ra4 Kb8 23. Bc2 Nb6 24. Rf4 Nbd5 25. Ra4 Nb6 26. Rf4 Nbd5 27.
Ra4 Nd7 28. Ne4 1/2-1/2

[Event "TCh-TUR 2014"]
[Site "Konya TUR"]
[Date "2014.06.24"]
[Round "2.8"]
[White "Celik, Ege"]
[Black "Akbulak, Arda"]
[Result "1-0"]
[WhiteElo "1698"]
[BlackElo "1501"]
[WhiteTeam "Bursa Buyuksehir Belediyesi"]
[BlackTeam "Salihli Sardes Spor Kulubu"]
[WhiteFideId "6348130"]
[BlackFideId "6348866"]
[EventDate "2014.06.23"]

1. e4 d5 2. Nc3 Nf6 3. exd5 Nxd5 4. Bc4 Nxc3 5. Qf3 e6 6. dxc3 Nc6 7. Bf4 Bd7 8.
O-O-O Qf6 9. Bxc7 Qxf3 10. Nxf3 Rc8 11. Bg3 Bc5 12. Kb1 Ke7 13. Rhe1 h6 14. a3
a6 15. Nh4 g6 16. f4 Bd6 17. Nf3 Bb8 18. Bh4+ Ke8 19. Bf6 Rg8 20. g3 Ne7 21. Bb3
Bc6 22. Nd4 Nd5 23. Bxd5 Bxd5 24. f5 gxf5 25. Nxf5 Rc5 26. Ne7 Rg6 27. Nxg6 fxg6
28. b4 1-0

[Event "TCh-TUR 2014"]
[Site "Konya TUR"]
[Date "2014.06.24"]
[Round "2.8"]
[White "Ulas, Uygar"]
[Black "Kamer, Kayra"]
[Result "0-1"]
[WhiteElo "1524"]
[BlackElo "1800"]
[WhiteTeam "Salihli Sardes Spor Kulubu"]
[BlackTeam "Bursa Buyuksehir Belediyesi"]
[WhiteFideId "6349307"]
[BlackFideId "6367879"]
[EventDate "2014.06.23"]

1. e4 c5 2. Nf3 e6 3. d3 Nf6 4. e5 Nd5 5. d4 cxd4 6. Qxd4 Nc6 7. Qe4 d6 8. Nbd2
dxe5 9. Nxe5 Nxe5 10. Qxe5 Nf6 11. Be2 Bd6 12. Bb5+ Bd7 13. Qxd6 Bxb5 14. Qxd8+
Rxd8 15. c4 Bc6 16. O-O O-O 17. b4 b5 18. c5 Rd5 19. a3 Rd3 20. a4 a6 21. axb5
Bxb5 22. Rd1 Nd5 23. Rb1 Rd4 0-1

[Event "TCh-TUR 2014"]
[Site "Konya TUR"]
[Date "2014.06.24"]
[Round "2.8"]
[White "Erece, Ece Alkim"]
[Black "Akti, Ezgi"]
[Result "1/2-1/2"]
[WhiteElo "1638"]
[BlackElo "1483"]
[WhiteTeam "Bursa Buyuksehir Belediyesi"]
[BlackTeam "Salihli Sardes Spor Kulubu"]
[WhiteFideId "6346006"]
[BlackFideId "6380638"]
[EventDate "2014.06.23"]

1. e4 d5 2. exd5 Nf6 3. d4 Bg4 4. Be2 Bxe2 5. Qxe2 Qxd5 6. Nf3 e6 7. O-O Be7 8.
c4 Qd8 9. b3 O-O 10. Bb2 Re8 11. Rd1 c6 12. Nbd2 Nbd7 13. Ne5 Qc7 14. Ndf3 h6
15. Rd3 Rad8 16. Rc1 Qb8 17. Rcd1 Bd6 18. Nxd7 Nxd7 19. Ne5 Nxe5 20. dxe5 Bf8
21. h3 Rxd3 22. Rxd3 Rd8 23. Rg3 Qc7 24. Bc1 g6 25. h4 Qd7 26. Kh2 Qd1 27. Qe3
Qd4 28. Qxd4 Rxd4 29. Be3 Rxh4+ 30. Kg1 Re4 31. f4 -- 1/2-1/2

[Event "TCh-TUR 2014"]
[Site "Konya TUR"]
[Date "2014.06.24"]
[Round "2.9"]
[White "Yalim, Suleyman"]
[Black "Maghalashvili, Davit"]
[Result "0-1"]
[BlackTitle "GM"]
[WhiteElo "2070"]
[BlackElo "2515"]
[WhiteTeam "Sader Satranc Spor Kulubu"]
[BlackTeam "Ataturk Universitesi Spor Kulubu"]
[WhiteFideId "6301665"]
[BlackFideId "13602276"]
[EventDate "2014.06.23"]

1. e4 c5 2. Nf3 d6 3. d4 cxd4 4. Nxd4 Nf6 5. Nc3 a6 6. Be2 e5 7. Nf3 h6 8. O-O
Be6 9. h3 Nbd7 10. Be3 b5 11. a3 Rc8 12. Bd3 Be7 13. Ne2 d5 14. Ng3 dxe4 15.
Bxe4 Nxe4 16. Nxe4 O-O 17. a4 b4 18. a5 Qc7 19. c3 f5 20. Ng3 bxc3 21. bxc3 f4
22. Bb6 Qb7 23. Ne2 e4 24. Nfd4 Bc4 25. f3 Nxb6 26. axb6 Qxb6 27. Kh1 0-1

[Event "TCh-TUR 2014"]
[Site "Konya TUR"]
[Date "2014.06.24"]
[Round "2.9"]
[White "Doner, Mustafa"]
[Black "Kaban, Erhan"]
[Result "0-1"]
[WhiteElo "1749"]
[BlackElo "1992"]
[WhiteTeam "Sader Satranc Spor Kulubu"]
[BlackTeam "Ataturk Universitesi Spor Kulubu"]
[WhiteFideId "6330215"]
[BlackFideId "6330231"]
[EventDate "2014.06.23"]

1. d4 Nf6 2. Nf3 b6 3. c4 e6 4. a3 Bb7 5. Nc3 Be7 6. Bg5 O-O 7. e3 Ne4 8. Bxe7
Qxe7 9. Nxe4 Bxe4 10. Bd3 f5 11. O-O d6 12. Bxe4 fxe4 13. Nd2 d5 14. Qb3 c6 15.
Rac1 Kh8 16. f3 exf3 17. Nxf3 Nd7 18. cxd5 cxd5 19. Rc7 Qd6 20. Qc2 Nc5 21. Rxc5
bxc5 22. dxc5 Qa6 23. Rc1 Rac8 24. a4 Rb8 25. b3 Qb7 26. Ng5 Rf5 27. Nxe6 Re5
28. Nd4 Rxe3 29. Qf2 Rbe8 30. c6 Qb4 31. Nf3 Qxb3 32. c7 Rc8 33. Re1 Ree8 34.
Nd4 Qxa4 35. Ne6 Qd7 0-1

[Event "TCh-TUR 2014"]
[Site "Konya TUR"]
[Date "2014.06.24"]
[Round "2.9"]
[White "Ulvi, Muhammed Ikbal"]
[Black "Benk, Tolga Tugay"]
[Result "1-0"]
[WhiteElo "1758"]
[BlackElo "1759"]
[WhiteTeam "Ataturk Universitesi Spor Kulubu"]
[BlackTeam "Sader Satranc Spor Kulubu"]
[WhiteFideId "6394698"]
[BlackFideId "6309488"]
[EventDate "2014.06.23"]

1. e4 e5 2. Nf3 f5 3. Nxe5 Qf6 4. Nc4 fxe4 5. Nc3 Qg6 6. d3 Bb4 7. Bd2 Bxc3 8.
Bxc3 Nf6 9. Bxf6 gxf6 10. Ne3 f5 11. Be2 Kd8 12. Bh5 Qg5 13. h4 Qf6 14. dxe4
fxe4 15. Qd5 Qf8 16. O-O-O Qh6 17. Kb1 c6 18. Qe5 d5 1-0

[Event "TCh-TUR 2014"]
[Site "Konya TUR"]
[Date "2014.06.24"]
[Round "2.10"]
[White "Szabo, Bence"]
[Black "Cetinkaya, Vedat Ali"]
[Result "1-0"]
[WhiteTitle "IM"]
[WhiteElo "2410"]
[BlackElo "2014"]
[WhiteTeam "Samandag Altin Piyon"]
[BlackTeam "Deniz Genclik Spor Kulubu"]
[WhiteFideId "733776"]
[BlackFideId "6301827"]
[EventDate "2014.06.23"]

1. Nf3 Nf6 2. c4 e6 3. Nc3 d5 4. d4 Nbd7 5. Bf4 c6 6. e3 Be7 7. h3 O-O 8. Qc2
Qa5 9. Nd2 Re8 10. Be2 Bf8 11. O-O e5 12. dxe5 Nxe5 13. cxd5 Nxd5 14. Nb3 Qb4
15. Nxd5 cxd5 16. Rfd1 Ng6 17. Bg3 Be6 18. Bf3 Red8 19. Rd4 Qb6 20. Rdd1 Be7 21.
Nd4 Rac8 22. Qd2 Bf6 23. Be2 Be5 24. Bxe5 Nxe5 25. Rac1 Nc4 26. Bxc4 dxc4 27.
Qc3 Bd5 28. Nf5 1-0

[Event "TCh-TUR 2014"]
[Site "Konya TUR"]
[Date "2014.06.24"]
[Round "2.10"]
[White "Avci, Adem"]
[Black "Nagy, Gabor1"]
[Result "1-0"]
[BlackTitle "IM"]
[WhiteElo "1881"]
[BlackElo "2428"]
[WhiteTeam "Deniz Genclik Spor Kulubu"]
[BlackTeam "Samandag Altin Piyon"]
[WhiteFideId "6330541"]
[BlackFideId "737119"]
[EventDate "2014.06.23"]

1. d4 Nf6 2. c4 c5 3. e3 g6 4. Nc3 Bg7 5. Nf3 O-O 6. Be2 cxd4 7. exd4 d5 8. h3
Nc6 9. Be3 Be6 10. Ng5 Bf5 11. g4 Bc8 12. f4 dxc4 13. Bxc4 Na5 14. Be2 Nd5 15.
Nxd5 Qxd5 16. Bf3 Qb5 17. Qe2 Qb4+ 18. Qd2 Qxd2+ 19. Bxd2 Nc4 20. Bc3 Rd8 21.
Be2 Ne3 22. Kd2 Ng2 23. Bc4 e6 24. Rhg1 Nxf4 25. Rgf1 Bh6 26. h4 Nd5 27. Kd3
Bxg5 28. hxg5 Nxc3 29. bxc3 a6 30. Rf2 b5 31. Bb3 Ra7 32. a4 bxa4 33. Rxa4 e5
34. d5 Rb7 35. Ba2 Re7 36. c4 Rc7 37. Ra5 Bxg4 38. c5 Bd7 39. Ke4 Bb5 40. Rc2 h6
41. Kxe5 hxg5 42. d6 Rcc8 43. Bd5 Kg7 44. Kd4 g4 45. Bc4 Bc6 46. Rxa6 Rh8 47.
Bd5 Bxd5 48. Kxd5 g3 49. d7 Rb8 50. c6 Rb5+ 51. Kd6 g5 52. Kc7 Rd5 53. Ra3 f5
54. Rxg3 g4 55. Rb2 Rc5 56. d8=Q Rxd8 57. Kxd8 Rxc6 58. Kd7 Ra6 59. Rd2 Kf7 60.
Rd6 Ra5 61. Kc6 Re5 62. Rd5 Kf6 63. Kc5 Re1 64. Rg2 Ke6 65. Rd8 Rc1+ 66. Kb4 Ke7
67. Rd5 Ke6 68. Rc5 Rf1 69. Kc4 Kf6 70. Kd3 Kg5 71. Ke2 Rb1 72. Rf2 g3 73.
Rfxf5+ Kg4 74. Rg5+ Kh3 75. Ra5 Rb2+ 76. Kf3 Rf2+ 77. Ke4 Re2+ 78. Kd3 Re8 79.
Kd2 Rd8+ 80. Ke2 Re8+ 1-0

[Event "TCh-TUR 2014"]
[Site "Konya TUR"]
[Date "2014.06.24"]
[Round "2.10"]
[White "Arslan, Erdal"]
[Black "Kucuk, Dogan"]
[Result "1/2-1/2"]
[WhiteElo "2017"]
[BlackElo "1909"]
[WhiteTeam "Samandag Altin Piyon"]
[BlackTeam "Deniz Genclik Spor Kulubu"]
[WhiteFideId "6318916"]
[BlackFideId "6312985"]
[EventDate "2014.06.23"]

1. d4 Nf6 2. c4 e6 3. Nf3 d5 4. Nc3 Bb4 5. Qc2 c5 6. cxd5 Nxd5 7. e3 Nc6 8. Bd2
cxd4 9. exd4 O-O 10. Bd3 Nf6 11. Be3 b6 12. a3 Bxc3+ 13. bxc3 Bb7 14. O-O h6 15.
Qe2 Rc8 16. Ba6 Qe7 17. Bxb7 Qxb7 18. c4 Qa6 19. Qa2 Na5 20. c5 Nd5 21. Ne5 Nc6
22. Nxc6 Rxc6 23. cxb6 axb6 24. Qd2 Rfc8 25. Rfc1 Qa4 26. Rxc6 Rxc6 27. Rc1 Rc4
28. Rxc4 Qxc4 29. h3 b5 30. Kh2 Nb6 31. Bf4 Qd5 32. Qb4 Nc4 33. Qc3 f6 34. Bc1
Qd6+ 35. g3 Qd5 36. Bf4 Kf7 37. h4 g5 38. hxg5 1/2-1/2

[Event "TCh-TUR 2014"]
[Site "Konya TUR"]
[Date "2014.06.24"]
[Round "2.10"]
[White "Demir, Zeki"]
[Black "Yildizak, Goksel"]
[Result "1/2-1/2"]
[WhiteElo "1902"]
[BlackElo "1702"]
[WhiteTeam "Deniz Genclik Spor Kulubu"]
[BlackTeam "Samandag Altin Piyon"]
[WhiteFideId "6302246"]
[BlackFideId "6315500"]
[EventDate "2014.06.23"]

1. d4 Nf6 2. c4 e6 3. Nc3 d5 4. cxd5 exd5 5. Bg5 c6 6. e3 Bf5 7. Qf3 Bg6 8. Bxf6
gxf6 9. h4 Qb6 10. Qe2 h5 11. Nh3 Bd6 12. Qd2 Nd7 13. Be2 f5 14. O-O Nf6 15. Ng5
Ne4 16. Ncxe4 fxe4 17. a3 f6 18. Ne6 Rh7 19. b4 Bf5 20. Nf4 Ke7 21. b5 Bxf4 22.
exf4 cxb5 23. Qb4+ Qd6 24. Qxb5 b6 25. Rac1 Rg7 26. Qb4 Qxb4 27. axb4 Kd6 28.
Rc3 Rc8 29. Rfc1 Rxc3 30. Rxc3 Rh7 31. g3 Bh3 32. Kh2 Be6 33. Kg2 Rh8 34. Kf1
Rh7 35. Ke1 Bd7 36. Kd2 Bc6 37. Ke3 Bd7 1/2-1/2

[Event "TCh-TUR 2014"]
[Site "Konya TUR"]
[Date "2014.06.24"]
[Round "2.10"]
[White "Ozates, Tuna"]
[Black "Yaylali, Adnan Dogan"]
[Result "1-0"]
[WhiteElo "1850"]
[BlackElo "1706"]
[WhiteTeam "Samandag Altin Piyon"]
[BlackTeam "Deniz Genclik Spor Kulubu"]
[WhiteFideId "6354521"]
[BlackFideId "6392113"]
[EventDate "2014.06.23"]

1. e4 e6 2. d4 d5 3. Nd2 c5 4. exd5 exd5 5. Ngf3 Nc6 6. dxc5 Bxc5 7. Nb3 Bd6 8.
Be2 Nge7 9. O-O O-O 10. c3 Bd7 11. Nfd4 a6 12. Bf3 Qc7 13. h3 Rfe8 14. Re1 Be5
15. Nc2 Bf5 16. Ne3 1-0

[Event "TCh-TUR 2014"]
[Site "Konya TUR"]
[Date "2014.06.24"]
[Round "2.10"]
[White "Cihangir, Gulderen"]
[Black "Yassibag, Ipek Asli"]
[Result "0-1"]
[WhiteElo "1232"]
[BlackElo "1499"]
[WhiteTeam "Deniz Genclik Spor Kulubu"]
[BlackTeam "Samandag Altin Piyon"]
[WhiteFideId "6344062"]
[BlackFideId "6342400"]
[EventDate "2014.06.23"]

1. e4 c5 2. Nf3 d6 3. d4 cxd4 4. Nxd4 Nf6 5. Nc3 a6 6. Bd3 Ng4 7. Be2 Qb6 8. Be3
Nxe3 9. fxe3 Qxb2 10. Nd5 Kd8 11. Nb3 Qe5 12. Bd3 Nd7 13. O-O e6 14. Nf4 Be7 15.
Nd4 Nc5 16. Nf3 Qc3 17. Ne2 Qa5 18. Nfd4 Bf6 19. Ng3 Qc3 20. Nge2 Qa3 21. c3 Qa5
22. Qd2 Nxd3 23. Qxd3 Ke7 24. Nb3 Qc7 25. Rac1 b5 26. a3 Bb7 27. Ned4 Rhc8 28.
Rc2 h6 29. Rfc1 d5 30. Nd2 Be5 31. N4f3 dxe4 32. Nxe4 Rd8 33. Nd4 Bxh2+ 34. Kf1
Bd5 35. Nd2 Qe5 36. Qe2 Qf6+ 37. N4f3 Bd6 38. e4 Qg6 39. exd5 Bxa3 40. Ra1 Qxc2
41. Nd4 Qxc3 42. Nc6+ Kf8 43. Rxa3 Qxa3 44. Nxd8 Rxd8 45. dxe6 Qc1+ 46. Qe1
Qxe1+ 47. Kxe1 fxe6 0-1

[Event "TCh-TUR 2014"]
[Site "Konya TUR"]
[Date "2014.06.24"]
[Round "2.11"]
[White "Erilli, Necati Alp"]
[Black "Kose, Serkan"]
[Result "0-1"]
[WhiteElo "1926"]
[BlackElo "2091"]
[WhiteTeam "Gercek Spor Kulubu"]
[BlackTeam "Antalya Deniz Genclik Spor Kulubu"]
[WhiteFideId "6306110"]
[BlackFideId "6301584"]
[EventDate "2014.06.23"]

1. e4 e6 2. d4 d5 3. Nd2 Nf6 4. e5 Nfd7 5. Bd3 c5 6. c3 Nc6 7. Ne2 Qb6 8. Nf3
cxd4 9. cxd4 f6 10. exf6 Bb4+ 11. Bd2 Nxf6 12. O-O O-O 13. Bf4 Bd7 14. a3 Be7
15. b4 Rac8 16. Rc1 a6 17. h3 Na7 18. Ne5 Bb5 19. Bg5 Bd6 20. Bxb5 Qxb5 21. Nc3
Qe8 22. Re1 Bxe5 23. dxe5 Nd7 24. Nxd5 Rxc1 25. Bxc1 exd5 26. Qxd5+ Qf7 27. e6
Qxf2+ 28. Kh2 Nf6 29. Qd1 Nc6 30. Be3 Qa2 31. Bg5 Qd5 32. Qc1 Ne4 33. Bf4 Qxe6
34. Qe3 Qf5 35. Bc7 Nf6 36. Qb6 Qb5 37. Qe3 Qd5 38. Qc3 h6 39. Bg3 Ne4 40. Qe3
Nxg3 41. Qxg3 Qf5 42. Qb3+ Kh8 43. Rd1 Qf4+ 44. Kh1 b5 45. Qc3 Ne5 46. Re1 Nc4
47. Re6 Rf6 48. Re8+ Rf8 49. Re6 Nd2 50. Rxa6 Ne4 51. Qe1 Ng3+ 52. Kg1 Qd4+ 0-1

[Event "TCh-TUR 2014"]
[Site "Konya TUR"]
[Date "2014.06.24"]
[Round "2.11"]
[White "Guner, Bulent"]
[Black "Koc, Serkan"]
[Result "1-0"]
[WhiteElo "2105"]
[BlackElo "1797"]
[WhiteTeam "Antalya Deniz Genclik Spor Kulubu"]
[BlackTeam "Gercek Spor Kulubu"]
[WhiteFideId "6300553"]
[BlackFideId "6305008"]
[EventDate "2014.06.23"]

1. d4 d5 2. c4 e6 3. Nf3 Nf6 4. Nc3 Nbd7 5. Bg5 Be7 6. e3 Ne4 7. Bxe7 Qxe7 8.
Bd3 Ndf6 9. Qc2 Nxc3 10. bxc3 O-O 11. O-O b6 12. cxd5 exd5 13. a4 c5 14. a5 c4
15. Bf5 g6 16. Bxc8 Rfxc8 17. Rfb1 Nd7 18. Nd2 f5 19. Re1 Re8 20. f3 Nf6 21. Re2
b5 22. e4 dxe4 23. fxe4 fxe4 24. Rae1 e3 25. Nf1 Nd5 26. g3 Qa3 27. Rc1 Qxa5 28.
h4 Re6 29. h5 Rae8 30. hxg6 Rxg6 31. Qf5 Nxc3 32. Rh2 Rg7 33. Nxe3 Qc7 34. Ng4
Qxg3+ 35. Rg2 Ne2+ 36. Kf1 Qh4 37. Nh6+ Kh8 38. Rxg7 1-0

[Event "TCh-TUR 2014"]
[Site "Konya TUR"]
[Date "2014.06.24"]
[Round "2.11"]
[White "Ozcelik, Ali Kaan"]
[Black "Yasin, Hur"]
[Result "0-1"]
[WhiteElo "1766"]
[BlackElo "2123"]
[WhiteTeam "Gercek Spor Kulubu"]
[BlackTeam "Antalya Deniz Genclik Spor Kulubu"]
[WhiteFideId "6325327"]
[BlackFideId "6300170"]
[EventDate "2014.06.23"]

1. e4 c5 2. Nc3 Nc6 3. g3 e6 4. Bg2 Nf6 5. Nge2 d5 6. exd5 exd5 7. d3 h6 8. O-O
Be7 9. Nf4 Bg4 10. Qd2 d4 11. Ncd5 g5 12. Nxf6+ Bxf6 13. Re1+ Ne5 14. h3 Bd7 15.
Nh5 Kf8 16. Qe2 Nc6 17. Bd5 Qe7 18. Qd1 Be5 19. Bxc6 Bxc6 20. Qg4 Qd6 21. f3 Bd7
22. Qe4 Bxg3 23. Qxb7 Rb8 24. Qxb8+ Qxb8 25. Re2 Be5 26. b4 cxb4 27. a3 f6 0-1

[Event "TCh-TUR 2014"]
[Site "Konya TUR"]
[Date "2014.06.24"]
[Round "2.11"]
[White "Ozmen, Halil Nejat"]
[Black "Inan, Canberk"]
[Result "1-0"]
[WhiteElo "1928"]
[BlackElo "1779"]
[WhiteTeam "Antalya Deniz Genclik Spor Kulubu"]
[BlackTeam "Gercek Spor Kulubu"]
[WhiteFideId "6301380"]
[BlackFideId "6329055"]
[EventDate "2014.06.23"]

1. d4 Nf6 2. Bg5 d5 3. Bxf6 exf6 4. e3 Bd6 5. c4 c6 6. cxd5 cxd5 7. Nc3 Bb4 8.
Rc1 O-O 9. g3 Nc6 10. Bg2 Be6 11. Ne2 Qd7 12. O-O Rfd8 13. Nf4 Bxc3 14. Rxc3 Ne7
15. Qb3 Rac8 16. Rfc1 b6 17. h4 Rxc3 18. Rxc3 Ng6 19. Nxe6 fxe6 20. Qc2 Qd6 21.
Rc7 Rd7 22. Rc6 Qe7 23. a3 Rd6 24. Rc8+ Rd8 25. Rc7 Rd7 26. Rc3 Qd6 27. Rc6 Qe7
28. Bf1 Nf8 29. Bb5 Rb7 30. Ba6 Rd7 31. Bc8 Rd8 32. Rc7 Qe8 33. Ba6 Rd7 34. Rc3
Qf7 35. Bb5 Re7 36. Rc8 h6 37. Qc6 g5 38. hxg5 hxg5 39. Qd6 Qg7 40. Kg2 Qh7 41.
Be2 Qg7 42. Bd3 f5 43. Kf1 Qf7 44. Ke2 Rd7 45. Rxf8+ 1-0

[Event "TCh-TUR 2014"]
[Site "Konya TUR"]
[Date "2014.06.24"]
[Round "2.11"]
[White "Kabakli, Siar"]
[Black "Inel, Cihangir"]
[Result "1-0"]
[WhiteElo "1734"]
[BlackElo "1531"]
[WhiteTeam "Antalya Deniz Genclik Spor Kulubu"]
[BlackTeam "Gercek Spor Kulubu"]
[WhiteFideId "6372120"]
[BlackFideId "6311091"]
[EventDate "2014.06.23"]

1. e4 e5 2. Nf3 Nc6 3. Nc3 Nf6 4. Bb5 d6 5. d4 exd4 6. Nxd4 Bd7 7. Nxc6 Bxc6 8.
Bd3 Be7 9. O-O O-O 10. f4 Qd7 11. Qe1 d5 12. e5 Ne4 13. Kh1 Nc5 14. f5 Nxd3 15.
cxd3 f6 16. e6 Qd8 17. Qh4 d4 18. Ne2 Qd5 19. Qg4 Rfe8 20. Nf4 Qe5 21. Nh5 Bf8
22. Bh6 1-0

[Event "TCh-TUR 2014"]
[Site "Konya TUR"]
[Date "2014.06.24"]
[Round "2.11"]
[White "Ozcelik, Ozan"]
[Black "Dalgar, Hakki Berat"]
[Result "0-1"]
[WhiteElo "1554"]
[BlackElo "1687"]
[WhiteTeam "Gercek Spor Kulubu"]
[BlackTeam "Antalya Deniz Genclik Spor Kulubu"]
[WhiteFideId "6325521"]
[BlackFideId "6347444"]
[EventDate "2014.06.23"]

1. e4 c6 2. d4 d5 3. exd5 cxd5 4. Bd3 Nc6 5. c3 Nf6 6. Bf4 Bg4 7. Qb3 Qd7 8. Nd2
g6 9. h3 Bf5 10. Be2 h5 11. Ngf3 Bg7 12. Ne5 Qc8 13. Rc1 Nxd4 14. Qa4+ Nc6 15.
Bb5 Bd7 16. c4 O-O 17. cxd5 Nxd5 18. Nxc6 Bxc6 19. O-O Bxb5 20. Qxb5 Qd8 21. Bg3
Ne3 22. fxe3 Qxd2 23. Qxb7 Qxe3+ 24. Bf2 Qg5 25. b3 Rfb8 26. Qe4 Bf8 27. Bh4 Qa5
28. -- 0-1

[Event "TCh-TUR 2014"]
[Site "Konya TUR"]
[Date "2014.06.24"]
[Round "2.11"]
[White "Ustundag, Nefise Melis"]
[Black "Uzun, Belemir"]
[Result "1-0"]
[WhiteElo "1549"]
[BlackElo "1480"]
[WhiteTeam "Antalya Deniz Genclik Spor Kulubu"]
[BlackTeam "Gercek Spor Kulubu"]
[WhiteFideId "6325637"]
[BlackFideId "6365655"]
[EventDate "2014.06.23"]

1. Nf3 Nf6 2. g3 g6 3. Bg2 Bg7 4. O-O O-O 5. d3 d5 6. Bf4 Nbd7 7. c3 b6 8. Re1
Bb7 9. Nbd2 Nc5 10. d4 Ncd7 11. Rc1 Nh5 12. Be3 c5 13. b3 Re8 14. c4 dxc4 15.
Nxc4 Rc8 16. Bh3 f5 17. Ng5 Bd5 18. Bg2 Bf7 19. Nxf7 Kxf7 20. Qd3 Ndf6 21. Ne5+
Kg8 22. Bc6 Rf8 23. Qc4+ Kh8 24. dxc5 bxc5 25. Bxc5 Qc7 26. Nf7+ Rxf7 27. Qxf7
Qxc6 28. Bxe7 Qxc1 29. Rxc1 Rxc1+ 30. Kg2 Rc7 31. Qe6 Rc2 32. a4 Ne4 33. Qd5 h6
34. Qa8+ Kh7 35. Qxa7 Rxe2 36. Bc5 Nhf6 37. Bd4 Kg8 38. Qa6 Ng4 39. Qxe2 Bxd4 1-0